|
|
|
|
| LEADER |
01197nam a22003137a 4500 |
| 001 |
41496 |
| 003 |
BD-DhAAL |
| 005 |
20240627143430.0 |
| 008 |
230718t20172022nyu||||| b||| 001 0 eng d |
| 020 |
|
|
|a 9781541601277
|
| 020 |
|
|
|a 9780465093182 (e-book)
|
| 020 |
|
|
|a 9780465079728 (hardcover)
|
| 040 |
|
|
|a BD-DhAAL
|d BD-DhAAL
|
| 082 |
|
|
|a 378
|2 23
|
| 100 |
|
|
|a Davidson, Cathy N.,
|d 1949-
|9 28995
|
| 245 |
|
|
|a The new education :
|b how to revolutionize the university to prepare students for a world in flux /
|c Cathy N. Davidson.
|
| 246 |
|
|
|a The new education
|
| 250 |
|
|
|a First trade paperback edition.
|
| 260 |
|
|
|a New York :
|b Basic Books,
|c 2022.
|
| 300 |
|
|
|a 326 pages ;
|c 21 cm.
|
| 504 |
|
|
|a Includes bibliographical references and index.
|
| 526 |
|
|
|a AAL
|
| 541 |
|
|
|a Karim International
|e 41496
|
| 650 |
|
|
|a Education, Higher
|x Aims and objectives.
|
| 650 |
|
|
|a Educational change.
|
| 852 |
|
|
|a Ayesha abed library
|c General Stacks
|
| 942 |
|
|
|2 ddc
|c BK
|
| 999 |
|
|
|c 45828
|d 45828
|
| 952 |
|
|
|0 0
|1 0
|2 ddc
|4 0
|6 378_000000000000000_DAV
|7 0
|9 73948
|a BRACUL
|b BRACUL
|c GEN
|d 2023-07-18
|e Karim International
|g 2390.00
|l 1
|m 2
|o 378 DAV
|p 3010041496
|r 2025-09-30
|s 2024-11-27
|t 1
|v 2390.00
|w 2023-07-13
|y BK
|